Herby miast w województwie podkarpackim cz.1 - Statystyki

Ogólne statystyki
  • Ten quiz został rozwiązany 38 razy
  • Średni wynik to 6 z 18
Statystyki odpowiedzi
Obrazkowy Odpowiedź % Poprawnych
Rzeszów
96%
Przemyśl
71%
Lubaczów
50%
Ropczyce
43%
Sanok
43%
Jarosław
39%
Dukla
32%
Nisko
29%
Strzyżów
29%
Przecław
25%
Dynów
21%
Dubiecko
18%
Kańczuga
18%
Nowa Dęba
18%
Tyczyn
18%
Zaklików
18%
Kołaczyce
14%
Pilzno
14%
Nie znaleziono quizów pasujących do podanych kryteriów
Rozkład punktacji
Procent ludzi z każdym wynikiem
Percentyl według liczby udzielonych odpowiedzi
Twoja historia wyników
Nie rozwiązałeś tego quizu